プロ野球スピリッツA【プロスピA】の外国人選手 (読売ジャイアンツ) - Statistics

General Stats
  • This quiz has been taken 159 times
    5 since last reset
  • The average score is 25 of 42
Answer Stats
選手名 % Correct
投手 A.バルドナード
100%
投手 F.グリフィン
100%
投手 R.マルティネス
100%
野手 T.キャベッジ
100%
野手(OB) W.クロマティ
100%
野手(OB) 李承燁
67%
野手 ギャレット
67%
野手 A.ウォーカー
67%
野手(TS) A.ラミレス
67%
投手 A.カミネロ
67%
投手 A.ポレダ
67%
投手(OB) B.ガルベス
67%
投手 C.C.メルセデス
67%
投手(OB) D.ゴンザレス
67%
野手 E.ヘルナンデス
67%
野手 G.ポランコ
67%
投手 K.ケラー
67%
野手 L.ブリンソン
67%
野手 L.クルーズ
67%
野手 L.アンダーソン
67%
投手 M.シューメーカー
67%
投手(OB) M.クルーン
67%
投手 M.マイコラス
67%
投手 R.クック
67%
投手(OB) S.マシソン
67%
投手 S.アダメス
67%
投手(OB) T.ビエイラ
67%
投手 T.ヤングマン
67%
投手 Y.ロペス
67%
野手 Z.ウィーラー
67%
投手 A.サンチェス
33%
野手 A.ゲレーロ
33%
野手(OB) C.マギー
33%
野手 C.ビヤヌエバ
33%
投手 F.ウィットリー
33%
野手 G.パーラ
33%
野手 I.モタ
33%
野手(OB) J.シピン
33%
投手 R.デラロサ
33%
投手 T.ビーディ
33%
投手 Y.メンデス
33%
投手(OB) B.ガリクソン
0%
No matching quizzes found
Score Distribution
Percent of People with Each Score
Percentile by Number Answered
Your Score History
You have not taken this quiz since the last reset